[Event "35th Zalakaros Open 2016"]
[Site "Zalakaros HUN"]
[Date "2016.05.27"]
[Round "1.1"]
[White "Del Rey, Diego"]
[Black "Efimenko, Zahar"]
[Result "0-1"]
[WhiteTitle "IM"]
[BlackTitle "GM"]
[WhiteElo "2388"]
[BlackElo "2656"]
[WhiteFideId "102164"]
[BlackFideId "14107201"]
[EventDate "2016.05.27"]

1. d4 g6 2. c4 Bg7 3. Nf3 c5 4. d5 Nf6 5. Nc3 O-O 6. e4 d6 7. Bd3 Bg4 8. h3 Bxf3
9. Qxf3 Nbd7 10. Bc2 e6 11. O-O exd5 12. exd5 Ne5 13. Qe2 Re8 14. Be3 a6 15. Ba4
Nfd7 16. Rfe1 Rb8 17. Rac1 f5 18. b3 g5 19. Qc2 f4 20. Bd2 Rf8 21. f3 Nf6 22.
Rcd1 Nh5 23. Bc1 Ng3 24. a3 Nf5 25. Re4 Qf6 26. Bd2 Nd4 27. Rxd4 cxd4 28. Ne4
Qg6 29. b4 b5 30. cxb5 axb5 31. Bb3 Rbc8 32. Qa2 h5 0-1

[Event "35th Zalakaros Open 2016"]
[Site "Zalakaros HUN"]
[Date "2016.05.27"]
[Round "1.2"]
[White "Rakhmanov, Aleksandr"]
[Black "Tompa, Janos"]
[Result "1-0"]
[WhiteTitle "GM"]
[BlackTitle "IM"]
[WhiteElo "2654"]
[BlackElo "2384"]
[WhiteFideId "4173708"]
[BlackFideId "700193"]
[EventDate "2016.05.27"]

1. c4 e5 2. Nf3 Nc6 3. d4 exd4 4. Nxd4 Bc5 5. Nxc6 Qf6 6. e3 Qxc6 7. Qg4 Qg6 8.
Qxg6 hxg6 9. Nc3 d6 10. Nd5 Bb6 11. a4 Ne7 12. a5 Nxd5 13. cxd5 Bc5 14. Bd2 a6
15. Rc1 Kd8 16. Be2 g5 17. Bc3 f6 18. Kd2 Bd7 19. h3 c6 20. dxc6 Bxc6 21. Rhg1
Rc8 22. Bd3 Re8 23. g3 Be4 24. h4 g4 25. Be2 Bf5 26. h5 Ke7 27. Rh1 Rh8 28. Rh4
Rcg8 29. Rch1 Be4 30. R1h2 f5 31. h6 Rxh6 32. Rxh6 gxh6 33. Rxh6 Rf8 34. Bd3
Bxd3 35. Kxd3 d5 36. Bd4 Bd6 37. Bb6 Bb4 38. Kd4 Rc8 39. Ke5 Rc2 40. Rh7+ Kf8
41. Rxb7 Rxf2 42. Bd4 Bxa5 1-0

[Event "35th Zalakaros Open 2016"]
[Site "Zalakaros HUN"]
[Date "2016.05.27"]
[Round "1.3"]
[White "Hnydiuk, Aleksander"]
[Black "Ivanisevic, Ivan"]
[Result "0-1"]
[WhiteTitle "IM"]
[BlackTitle "GM"]
[WhiteElo "2381"]
[BlackElo "2646"]
[WhiteFideId "1109057"]
[BlackFideId "912417"]
[EventDate "2016.05.27"]

1. Nf3 d5 2. d4 Nf6 3. c4 e6 4. g3 g6 5. Bf4 Bg7 6. Qc1 c5 7. dxc5 Nc6 8. Bg2
Qa5+ 9. Nbd2 Qxc5 10. O-O O-O 11. Ne5 Nh5 12. Be3 d4 13. Nxc6 dxe3 14. Ne4 Qxc6
15. Nf6+ Nxf6 16. Bxc6 exf2+ 17. Rxf2 bxc6 18. Rf3 c5 19. Qg5 Ne4 20. Qe7 Nd2
21. Rd3 Nxc4 22. Qxc5 Nxb2 23. Rb3 Na4 24. Qc6 Nb6 25. Rd1 Ba6 26. Qe4 Bc4 27.
Ra3 Bd5 28. Qf4 Nc4 29. Ra6 Rfc8 30. Rb1 Bf8 31. h3 Bc5+ 32. Kh2 Be3 33. Qf6 Nd2
34. Rd1 Rc2 0-1

[Event "35th Zalakaros Open 2016"]
[Site "Zalakaros HUN"]
[Date "2016.05.27"]
[Round "1.4"]
[White "Kravtsiv, Martyn"]
[Black "Nitin, S."]
[Result "1/2-1/2"]
[WhiteTitle "GM"]
[BlackTitle "IM"]
[WhiteElo "2641"]
[BlackElo "2377"]
[WhiteFideId "14113147"]
[BlackFideId "5018277"]
[EventDate "2016.05.27"]

1. e4 c5 2. Nf3 d6 3. d4 cxd4 4. Nxd4 Nf6 5. Nc3 a6 6. Be2 e5 7. Nb3 Be7 8. Bg5
Be6 9. Bxf6 Bxf6 10. Qd3 Nc6 11. O-O-O Qb6 12. Nd5 Bxd5 13. exd5 Nd4 14. Nxd4
Qxd4 15. Qxd4 exd4 16. g4 h5 17. gxh5 O-O-O 18. a4 Rde8 19. Bf3 a5 20. Kb1 Kc7
21. h3 Re7 22. Rhg1 Rb8 23. Ka2 b5 24. axb5 Rxb5 25. Rge1 Rxe1 26. Rxe1 d3 27.
c3 d2 28. Rg1 Kd8 29. h4 Rc5 30. Rd1 Rc4 31. Rxd2 Rxh4 32. Kb3 Rf4 33. Bd1 Kc7
34. Re2 Rf5 35. Kc4 Kb6 36. Re8 Rxf2 37. Ba4 Kc7 38. Bc6 Rxb2 39. Rf8 Be5 40.
Rxf7+ Kb8 41. Rf8+ Kc7 42. Rf7+ Kb8 43. Rf8+ Kc7 44. Rf7+ 1/2-1/2

[Event "35th Zalakaros Open 2016"]
[Site "Zalakaros HUN"]
[Date "2016.05.27"]
[Round "1.5"]
[White "Paschall, William M."]
[Black "Romanov, Evgeny"]
[Result "1/2-1/2"]
[WhiteTitle "IM"]
[BlackTitle "GM"]
[WhiteElo "2377"]
[BlackElo "2641"]
[WhiteFideId "2005379"]
[BlackFideId "4148843"]
[EventDate "2016.05.27"]

1. Nf3 Nf6 2. c4 b6 3. g3 Bb7 4. Bg2 g6 5. d4 Bg7 6. Nc3 O-O 7. O-O Na6 8. Bf4
Ne4 9. Nxe4 Bxe4 10. Qd2 c5 11. Bh6 Rb8 12. Bxg7 Kxg7 13. Rfd1 d6 14. Rac1 Nb4
15. Qe3 Bxf3 16. Bxf3 Rc8 17. a3 Nc6 18. dxc5 bxc5 19. Bxc6 Rxc6 20. b4 cxb4 21.
axb4 Qc7 22. c5 dxc5 23. Rxc5 Rxc5 24. bxc5 Rc8 25. c6 Qxc6 26. Qxa7 e5 27. Qd7
Qc2 28. Qd2 Qe4 29. Qd3 Qa4 30. Qd7 Rc6 31. Qd5 Rc5 32. Qd3 h5 33. h4 Rc2 34. e4
Rc4 35. Re1 Rd4 36. Qe3 Qc2 37. Qe2 Qc3 38. Kg2 Rd2 39. Qe3 Rd3 40. Qe2 Qd4 41.
Rc1 Qd6 42. Re1 Rd4 43. Qf3 Qc6 44. Re3 Rc4 45. Re1 Rc3 46. Re3 Rc1 47. Qe2 Qb7
48. Qd3 Ra1 49. Qb3 Qa6 50. Qd3 Qb6 51. Rf3 Qe6 52. Qb3 Qxb3 1/2-1/2

[Event "35th Zalakaros Open 2016"]
[Site "Zalakaros HUN"]
[Date "2016.05.27"]
[Round "1.6"]
[White "Perunovic, Milos"]
[Black "Kohlweyer, Bernd"]
[Result "1/2-1/2"]
[WhiteTitle "GM"]
[BlackTitle "IM"]
[WhiteElo "2639"]
[BlackElo "2373"]
[WhiteFideId "921629"]
[BlackFideId "4600622"]
[EventDate "2016.05.27"]

1. e4 c5 2. Nf3 d6 3. d4 cxd4 4. Nxd4 Nf6 5. Nc3 a6 6. Bg5 e6 7. f4 Qc7 8. Bxf6
gxf6 9. Qd2 b5 10. O-O-O Nd7 11. Be2 h5 12. Kb1 Nb6 13. Bf3 Bd7 14. h4 Rc8 15.
Nce2 Nc4 16. Qd3 b4 17. Ng3 Qc5 18. Nb3 Qb5 19. Qe2 a5 20. Nxh5 Ke7 21. Nd4 Qc5
22. Ng3 Bh6 23. Nh5 Bf8 24. Ng3 Bh6 25. Nh5 1/2-1/2

[Event "35th Zalakaros Open 2016"]
[Site "Zalakaros HUN"]
[Date "2016.05.27"]
[Round "1.7"]
[White "Fogarasi, Tibor"]
[Black "Berkes, Ferenc"]
[Result "0-1"]
[WhiteTitle "GM"]
[BlackTitle "GM"]
[WhiteElo "2372"]
[BlackElo "2636"]
[WhiteFideId "700363"]
[BlackFideId "718572"]
[EventDate "2016.05.27"]

1. e4 d6 2. d4 Nf6 3. Nc3 e5 4. Nf3 Nbd7 5. Bc4 Be7 6. O-O O-O 7. Re1 c6 8. a4
a5 9. Ba2 h6 10. h3 Re8 11. Be3 Qc7 12. dxe5 dxe5 13. Nh4 Nf8 14. Qf3 Be6 15.
Nf5 Bxa2 16. Rxa2 Kh7 17. Raa1 Ng8 18. Red1 g6 19. Nxe7 Qxe7 20. Rd3 Kg7 21.
Rad1 Nf6 22. b3 Ne6 23. Qg3 Nc5 24. Qh4 h5 25. Bxc5 Qxc5 26. Rd6 Ng8 27. Qg3 Re7
28. Rd8 Rxd8 29. Rxd8 Nf6 30. Qd3 Re8 31. Rxe8 Nxe8 32. Kf1 Nc7 33. h4 Ne6 34.
Ne2 b5 35. g3 bxa4 36. bxa4 Qb4 37. Nc3 Nc5 38. Qe3 Nxa4 39. Nxa4 Qxa4 40. Qc3
Qb5+ 0-1

[Event "35th Zalakaros Open 2016"]
[Site "Zalakaros HUN"]
[Date "2016.05.27"]
[Round "1.8"]
[White "Onischuk, Vladimir"]
[Black "Skawinski, Arkadiusz"]
[Result "1-0"]
[WhiteTitle "GM"]
[BlackTitle "FM"]
[WhiteElo "2628"]
[BlackElo "2367"]
[WhiteFideId "14114038"]
[BlackFideId "1126415"]
[EventDate "2016.05.27"]

1. e4 e5 2. Nf3 Nc6 3. Bc4 Nf6 4. d3 Bc5 5. c3 O-O 6. Bb3 d5 7. Nbd2 Bb6 8. O-O
Bg4 9. h3 Bh5 10. Qe2 Re8 11. Rd1 Qd7 12. Nf1 Na5 13. Bc2 h6 14. Ng3 c5 15. Nxh5
Nxh5 16. Nh4 Nf6 17. Qf3 Qe6 18. Nf5 Kh8 19. Re1 Rad8 20. Qg3 Rg8 21. Be3 c4 22.
d4 Nxe4 23. Qxe5 Qxe5 24. dxe5 Bxe3 25. Nxe3 Rge8 26. f4 f6 27. Nxd5 Rxd5 28.
Bxe4 Rd2 29. Rad1 Rxd1 30. Rxd1 fxe5 31. Bg6 1-0

[Event "35th Zalakaros Open 2016"]
[Site "Zalakaros HUN"]
[Date "2016.05.27"]
[Round "1.9"]
[White "Havasi, Gergo"]
[Black "Banusz, Tamas"]
[Result "0-1"]
[BlackTitle "GM"]
[WhiteElo "2367"]
[BlackElo "2621"]
[WhiteFideId "760293"]
[BlackFideId "722413"]
[EventDate "2016.05.27"]

1. e4 e5 2. Nf3 Nc6 3. Bb5 a6 4. Ba4 Nf6 5. O-O Be7 6. d3 b5 7. Bb3 d6 8. a4 Bd7
9. c3 O-O 10. Bc2 b4 11. Nbd2 d5 12. Re1 Bg4 13. h3 Bh5 14. g4 Bg6 15. a5 bxc3
16. bxc3 Bd6 17. Nf1 Ne7 18. Ng3 Nd7 19. Nh4 Kh8 20. Qf3 d4 21. cxd4 Nc6 22.
Nhf5 Bxf5 23. Nxf5 Nxd4 24. Nxd4 exd4 25. Ra4 c5 26. Rf1 Qc7 27. Qf5 f6 28. f4
g5 29. Bb3 gxf4 30. Be6 Ne5 31. Bxf4 Nxd3 32. Bh6 Be7 33. Bxf8 Qg3+ 34. Kh1
Qxh3+ 35. Kg1 Qg3+ 36. Kh1 Rxf8 37. Ra2 Bd6 38. Rf3 Qh4+ 39. Kg1 Nf4 40. Bc4
Nh3+ 41. Kf1 Ng5 42. Raa3 Qh1+ 43. Ke2 Qc1 44. Qd5 Re8 45. Qxd6 Qxc4+ 46. Kd1
Nxe4 47. Qc6 Qg8 48. Rf4 Re6 49. Qc7 Qe8 50. Kc2 c4 51. Rh3 d3+ 52. Kc1 d2+ 53.
Kc2 Qa4+ 54. Kb2 c3+ 55. Rxc3 d1=N+ 0-1

[Event "35th Zalakaros Open 2016"]
[Site "Zalakaros HUN"]
[Date "2016.05.27"]
[Round "1.10"]
[White "Papp, Gabor1"]
[Black "Baskin, Robert"]
[Result "1-0"]
[WhiteTitle "GM"]
[BlackTitle "FM"]
[WhiteElo "2596"]
[BlackElo "2359"]
[WhiteFideId "718602"]
[BlackFideId "24662402"]
[EventDate "2016.05.27"]

1. e4 e6 2. d4 d5 3. Nd2 c5 4. Ngf3 cxd4 5. Nxd4 Nc6 6. Bb5 Bd7 7. Nxc6 bxc6 8.
Bd3 Bd6 9. O-O Ne7 10. f4 f5 11. exf5 exf5 12. Qh5+ g6 13. Qh3 Qb6+ 14. Kh1
O-O-O 15. c4 d4 16. b4 Qxb4 17. c5 Bxc5 18. Ba6+ Kc7 19. Rb1 Qc3 20. Rb7+ Kd6
21. Re1 Be6 22. Qh4 g5 23. Qxg5 1-0

[Event "35th Zalakaros Open 2016"]
[Site "Zalakaros HUN"]
[Date "2016.05.27"]
[Round "1.11"]
[White "Dolana, Andrei-Theodor"]
[Black "Prohaszka, Peter2"]
[Result "0-1"]
[WhiteTitle "FM"]
[BlackTitle "GM"]
[WhiteElo "2354"]
[BlackElo "2593"]
[WhiteFideId "1219804"]
[BlackFideId "726265"]
[EventDate "2016.05.27"]

1. d4 d5 2. c4 dxc4 3. e3 e5 4. Bxc4 exd4 5. exd4 Bd6 6. Nf3 Nf6 7. O-O O-O 8.
Nc3 Nc6 9. h3 h6 10. Re1 Bf5 11. Ne5 Bxe5 12. dxe5 Qxd1 13. Nxd1 Nd7 14. e6 fxe6
15. Rxe6 Kh7 16. Re1 Nde5 17. Bb5 a6 18. Bxc6 Nxc6 19. Ne3 Be6 20. Bd2 Rad8 21.
Red1 Nd4 22. Kf1 Bd7 23. Bb4 Bb5+ 24. Ke1 Rf4 25. Rd2 Re8 0-1

[Event "35th Zalakaros Open 2016"]
[Site "Zalakaros HUN"]
[Date "2016.05.27"]
[Round "1.12"]
[White "Vajda, Levente"]
[Black "Nihal, Sarin"]
[Result "1-0"]
[WhiteTitle "GM"]
[BlackTitle "FM"]
[WhiteElo "2581"]
[BlackElo "2349"]
[WhiteFideId "1203975"]
[BlackFideId "25092340"]
[EventDate "2016.05.27"]

1. e4 e6 2. d4 d5 3. Nd2 c5 4. Ngf3 cxd4 5. Nxd4 Nc6 6. Nxc6 bxc6 7. Bd3 Bd6 8.
Nf3 Qc7 9. Qe2 dxe4 10. Qxe4 Nf6 11. Qh4 Ba6 12. Bxa6 Qa5+ 13. Nd2 Qxa6 14. Nc4
Be7 15. O-O O-O 16. b3 Nd5 17. Bg5 f6 18. Bd2 Rfd8 19. Ba5 Re8 20. Rad1 Bd8 21.
Bd2 Bc7 22. a4 Rad8 23. Qe4 e5 24. Nb2 g6 25. c4 Ne7 26. b4 Qc8 27. Be3 f5 28.
Qh4 f4 29. Bxa7 Rxd1 30. Rxd1 Nf5 31. Qh3 e4 32. b5 Be5 33. Qb3 f3 34. bxc6 Nd4
35. Rxd4 Qg4 36. Qxf3 Qxf3 37. gxf3 Bxd4 38. Bxd4 exf3 39. Nd3 1-0

[Event "35th Zalakaros Open 2016"]
[Site "Zalakaros HUN"]
[Date "2016.05.27"]
[Round "1.13"]
[White "Kozak, Adam"]
[Black "Erdos, Viktor"]
[Result "0-1"]
[WhiteTitle "FM"]
[BlackTitle "GM"]
[WhiteElo "2347"]
[BlackElo "2577"]
[WhiteFideId "753246"]
[BlackFideId "719978"]
[EventDate "2016.05.27"]

1. d4 Nf6 2. c4 e6 3. Nc3 d5 4. cxd5 exd5 5. Bg5 c6 6. Qc2 Nbd7 7. e3 h6 8. Bh4
g5 9. Bg3 Nh5 10. Bd3 Nxg3 11. hxg3 Bg7 12. Nf3 Nb6 13. O-O Be6 14. Rfe1 O-O 15.
e4 dxe4 16. Bxe4 Nd5 17. Bf5 Nb4 18. Qb1 Bxf5 19. Qxf5 Qc8 20. Qxc8 Raxc8 21.
Re7 Rb8 22. a3 Nd3 23. Re2 c5 24. Rd1 c4 25. Ne1 Nxe1 26. Rexe1 Rfe8 27. Re3 Kf8
28. Nb5 Red8 29. Re4 a6 30. Nc3 b5 31. g4 Re8 32. f3 a5 33. Rd2 b4 34. axb4 axb4
35. Rxe8+ Kxe8 36. Ne4 Rd8 37. d5 Be5 38. Rc2 Rc8 39. Kf1 b3 40. Rc1 Kd7 41. Nd2
Bxb2 42. Rxc4 Rb8 43. Ke2 Rb5 44. Ra4 Be5 45. Ra7+ Kc8 46. Rxf7 b2 47. Rh7 Rxd5
48. Nb1 Rc5 49. Rxh6 Rc1 50. Nd2 Bf4 0-1

[Event "35th Zalakaros Open 2016"]
[Site "Zalakaros HUN"]
[Date "2016.05.27"]
[Round "1.15"]
[White "Thakur, Akash"]
[Black "Szabo, Gergely-Andras-Gyula"]
[Result "1/2-1/2"]
[WhiteTitle "FM"]
[BlackTitle "GM"]
[WhiteElo "2345"]
[BlackElo "2548"]
[WhiteFideId "5008514"]
[BlackFideId "1205064"]
[EventDate "2016.05.27"]

1. e4 e6 2. d4 d5 3. exd5 exd5 4. Bd3 Nc6 5. c3 Bd6 6. Qf3 Be6 7. Ne2 Qd7 8. h3
Nge7 9. Bf4 Ng6 10. Bxd6 Qxd6 11. Qg3 O-O-O 12. Qxd6 Rxd6 13. Nd2 Nce7 14. Nf3
f6 15. Kd2 h5 16. Rhe1 Bf5 17. Nc1 Kd7 18. Bxf5+ Nxf5 19. Nd3 b6 20. g3 a5 21.
a4 Rc6 22. Kc2 Nd6 23. Nd2 Nf5 24. Nf3 Nd6 25. Nd2 Nc4 26. Re2 Re6 1/2-1/2

[Event "35th Zalakaros Open 2016"]
[Site "Zalakaros HUN"]
[Date "2016.05.27"]
[Round "1.16"]
[White "Del Rio De Angelis, Salvador G."]
[Black "Blazeka, Matej"]
[Result "1/2-1/2"]
[WhiteTitle "GM"]
[BlackTitle "FM"]
[WhiteElo "2541"]
[BlackElo "2341"]
[WhiteFideId "2203138"]
[BlackFideId "14515741"]
[EventDate "2016.05.27"]

1. d4 d5 2. c4 c6 3. Nf3 Nf6 4. Nc3 e6 5. e3 Nbd7 6. Qc2 b6 7. Bd2 Bb7 8. O-O-O
Be7 9. h3 O-O 10. Bd3 dxc4 11. Bxc4 b5 12. Bd3 b4 13. Ne4 c5 14. Nxf6+ Nxf6 15.
dxc5 Bxc5 16. Kb1 Qb6 17. Ne5 Rfc8 18. Nc4 Qc7 19. f3 a5 20. e4 a4 21. e5 b3 22.
axb3 axb3 23. Qxb3 Nd5 24. Qc2 Bc6 25. Rhe1 Qa7 26. Kc1 Qa1+ 27. Qb1 Bd4 28.
Bxh7+ Kh8 29. Bg5 Nc3 30. Rxd4 Nxb1 31. Bxb1 Bd5 32. Rh4+ Kg8 33. Kd2 Qa7 34.
Bh7+ Kf8 35. Bd3 Qf2+ 36. Re2 Qxh4 37. Bxh4 Bxc4 38. Bf2 Rab8 39. Bd4 Rd8 40.
Bxc4 Rxd4+ 41. Kc3 Rd1 1/2-1/2

[Event "35th Zalakaros Open 2016"]
[Site "Zalakaros HUN"]
[Date "2016.05.27"]
[Round "1.17"]
[White "Plichta, Kamil"]
[Black "Shyam, Sundar M."]
[Result "0-1"]
[WhiteTitle "FM"]
[BlackTitle "GM"]
[WhiteElo "2336"]
[BlackElo "2530"]
[WhiteFideId "1141830"]
[BlackFideId "5019141"]
[EventDate "2016.05.27"]

1. c4 e6 2. Nf3 d5 3. g3 dxc4 4. Qa4+ Bd7 5. Qxc4 c5 6. Ne5 Nc6 7. Nxd7 Qxd7 8.
Bg2 Nf6 9. b3 Be7 10. Bb2 O-O 11. d3 Nd4 12. Nd2 Rfd8 13. Rd1 Rac8 14. e3 b5 15.
Qc1 Nc6 16. Nf3 Qc7 17. O-O Nb4 18. Qb1 Qa5 19. a3 Nbd5 20. Qc2 Nd7 21. Rc1 Qa6
22. Rfd1 Bf6 23. e4 Bxb2 24. Qxb2 N5b6 25. Bf1 Qb7 26. Bg2 a6 27. d4 c4 28. d5
Nc5 29. bxc4 Nxc4 30. Qe2 Qe7 31. dxe6 Rxd1+ 32. Qxd1 Nxe6 33. a4 Rd8 34. Qe1
Nc5 35. Qb4 Qa7 36. axb5 Nd3 37. b6 Nxb6 38. Rd1 Rd7 39. Qb3 Nc5 40. Rxd7 Nbxd7
41. Qc2 a5 42. e5 h6 43. Bf1 Qb7 44. Qf5 Qd5 45. Qf4 Nd3 46. Bxd3 Qxd3 47. h4
Qd1+ 48. Kg2 Qd5 49. h5 Qc6 50. g4 a4 51. Qb4 Qa8 52. Qd4 a3 53. Kg3 a2 54. Qa1
Qa3 55. Kg2 Qb4 0-1

[Event "35th Zalakaros Open 2016"]
[Site "Zalakaros HUN"]
[Date "2016.05.27"]
[Round "1.18"]
[White "Horvath, Jozsef1"]
[Black "Tesik, Csaba"]
[Result "1/2-1/2"]
[WhiteTitle "GM"]
[BlackTitle "FM"]
[WhiteElo "2528"]
[BlackElo "2333"]
[WhiteFideId "700061"]
[BlackFideId "735582"]
[EventDate "2016.05.27"]

1. Nf3 Nf6 2. c4 g6 3. b3 Bg7 4. Bb2 O-O 5. g3 d6 6. Bg2 e5 7. Nc3 Re8 8. O-O c6
9. Rc1 e4 10. Nd4 Nbd7 11. Nc2 Nc5 12. Ne3 a5 13. d4 exd3 14. exd3 Ne6 15. d4
Ng5 16. Qd3 Bh3 17. Bxh3 Nxh3+ 18. Kh1 Ng5 19. Rc2 Qd7 20. f3 Qh3 21. Rg2 Re7
22. d5 Nd7 23. dxc6 bxc6 24. Ncd1 Bxb2 25. Nxb2 Rae8 26. Nbd1 Qe6 27. f4 Ne4 28.
f5 Ndc5 29. Qc2 Qe5 30. Ng4 Qd4 31. fxg6 hxg6 32. Qc1 1/2-1/2

[Event "35th Zalakaros Open 2016"]
[Site "Zalakaros HUN"]
[Date "2016.05.27"]
[Round "1.19"]
[White "Spalir, Jernej"]
[Black "Svane, Rasmus"]
[Result "0-1"]
[WhiteTitle "FM"]
[BlackTitle "IM"]
[WhiteElo "2330"]
[BlackElo "2526"]
[WhiteFideId "14606518"]
[BlackFideId "4657101"]
[EventDate "2016.05.27"]

1. d4 d5 2. c4 c6 3. Nf3 Nf6 4. Nc3 dxc4 5. a4 Bf5 6. e3 e6 7. Bxc4 Bb4 8. O-O
O-O 9. Qe2 Nbd7 10. e4 Bg6 11. e5 Nd5 12. Nxd5 cxd5 13. Bd3 Qb6 14. Be3 Rac8 15.
Bxg6 hxg6 16. Qb5 Rc6 17. Rfc1 Rfc8 18. Kf1 Rxc1+ 19. Bxc1 Rc6 20. Be3 Nb8 21.
Ke2 Kf8 22. Kd3 Ke8 23. Bd2 Bxd2 24. Nxd2 Na6 25. Qxb6 Rxb6 26. Kc3 Rc6+ 27. Kb3
Rb6+ 28. Kc3 Rc6+ 29. Kb3 Ke7 30. h4 Rb6+ 31. Kc3 Rc6+ 32. Kb3 Nb8 33. Rh1 Rb6+
34. Kc3 Rc6+ 35. Kb3 Rc8 36. Nf3 Nc6 37. Ka3 Na5 38. Kb4 b6 39. Kb5 Rc2 40. b4
Nc6 41. Ka6 Ra2 42. Rc1 Kd7 43. Kb7 Nd8+ 44. Kb8 Rxa4 45. Rc7+ Ke8 46. Rc8 Rxb4
47. Nd2 Rb2 48. Nc4 dxc4 49. Kc7 f6 50. Rxd8+ Kf7 51. Rd7+ Kg8 52. d5 c3 53.
dxe6 c2 54. e7 c1=Q+ 55. Kd8 Kh7 56. e8=Q Rc2 57. Qe6 Rc8+ 58. Ke7 Qc5+ 59. Qd6
Qxe5+ 60. Qxe5 fxe5 61. Rxa7 Rc2 62. f3 Rxg2 63. Kf8 Kh6 64. Rxg7 g5 65. Kg8 Rg1
66. Rh7+ Kg6 67. h5+ Kf6 68. Rf7+ Ke6 69. h6 g4 70. Rg7 Rh1 71. fxg4 Rxh6 72. g5
Rh5 73. g6 Kf6 74. Rh7 Kxg6 0-1

[Event "35th Zalakaros Open 2016"]
[Site "Zalakaros HUN"]
[Date "2016.05.27"]
[Round "1.20"]
[White "Miron, Lucian-Costin"]
[Black "Raja, Harshit"]
[Result "0-1"]
[WhiteTitle "IM"]
[WhiteElo "2524"]
[BlackElo "2329"]
[WhiteFideId "1210920"]
[BlackFideId "5089000"]
[EventDate "2016.05.27"]

1. d4 d5 2. c4 c6 3. Nf3 Nf6 4. e3 e6 5. Nbd2 c5 6. b3 cxd4 7. exd4 Nc6 8. Bb2
Be7 9. Bd3 dxc4 10. bxc4 Bc5 11. Nb3 Bb4+ 12. Kf1 O-O 13. h4 a5 14. a3 Be7 15.
h5 h6 16. Rb1 b6 17. Qe2 Bb7 18. Rh3 Qd7 19. Ne5 Nxe5 20. dxe5 Nh7 21. Rg3 f5
22. exf6 Bxf6 23. Qe3 a4 24. Nd2 e5 25. Ne4 Bh4 26. Rh3 Rad8 27. Bc2 Bxe4 28.
Qxe4 Rxf2+ 29. Kg1 Ng5 30. Rd3 Nxe4 31. Rxd7 Rxc2 0-1

[Event "35th Zalakaros Open 2016"]
[Site "Zalakaros HUN"]
[Date "2016.05.27"]
[Round "1.21"]
[White "Barski, Radoslaw"]
[Black "Horvath, Adam1"]
[Result "1/2-1/2"]
[BlackTitle "GM"]
[WhiteElo "2324"]
[BlackElo "2515"]
[WhiteFideId "1131710"]
[BlackFideId "708003"]
[EventDate "2016.05.27"]

1. e4 c5 2. Nf3 e6 3. d4 cxd4 4. Nxd4 Nc6 5. Nc3 Qc7 6. Be3 a6 7. Qd2 Nf6 8. f3
Bb4 9. O-O-O O-O 10. a3 Be7 11. g4 b5 12. g5 Nh5 13. Nce2 Na5 14. Qc3 Bd6 15.
Qxc7 Bxc7 16. Kb1 f6 17. Rg1 g6 18. h4 Nc4 19. Bc1 e5 20. Nb3 Bb6 21. Rg2 fxg5
22. Bxg5 Ne3 23. Bxe3 Bxe3 24. Nc3 Nf4 25. Rh2 Rb8 26. Nd5 Nxd5 27. Rxd5 Rxf3
28. Bh3 Bf4 29. Rh1 Bb7 30. Rxd7 Bxe4 31. Be6+ Kh8 32. Nc5 Bf5 33. h5 Be3 34.
hxg6 Bxg6 35. Nxa6 Rbf8 36. Rdd1 R3f6 37. Rd6 Rf1+ 38. Rxf1 Rxf1+ 39. Ka2 Rf6
40. Nc7 Bf4 41. Rd8+ Kg7 42. Ne8+ Bxe8 43. Rxe8 h5 44. Bd5 Rd6 45. c4 bxc4 46.
Bxc4 h4 47. Rg8+ Kf6 48. Rh8 Kg5 49. a4 Bd2 50. Be2 Rd4 51. Rh5+ Kf6 52. Kb3 Be1
53. Bb5 Rb4+ 54. Kc2 Rd4 55. Kb3 Rf4 56. Bc6 Rg4 57. Bd7 Re4 58. Bc6 Rb4+ 59.
Kc2 e4 60. a5 Rc4+ 61. Kd1 Bf2 62. a6 Kg7 63. Bb5 Rb4 64. Bc6 e3 65. a7 e2+ 66.
Kxe2 Bxa7 67. Rb5 Rxb5 68. Bxb5 1/2-1/2

[Event "35th Zalakaros Open 2016"]
[Site "Zalakaros HUN"]
[Date "2016.05.27"]
[Round "1.22"]
[White "Harika, Dronavalli"]
[Black "Wukits, Rene"]
[Result "1-0"]
[WhiteTitle "GM"]
[BlackTitle "FM"]
[WhiteElo "2514"]
[BlackElo "2320"]
[WhiteFideId "5015197"]
[BlackFideId "1605410"]
[EventDate "2016.05.27"]

1. c4 Nf6 2. d4 e6 3. g3 c5 4. d5 d6 5. Nc3 exd5 6. cxd5 g6 7. Bg2 Bg7 8. Nf3
O-O 9. O-O a6 10. a4 Re8 11. Bf4 Ne4 12. Nxe4 Rxe4 13. Nd2 Rb4 14. a5 g5 15. Be3
f5 16. Ra4 Rxb2 17. Nc4 Bd7 18. Nxb2 Bxb2 19. Ra2 Bf6 20. Qc2 b5 21. axb6 Qxb6
22. Bd2 Qd8 23. Rb1 Qc8 24. Bc3 1-0

[Event "35th Zalakaros Open 2016"]
[Site "Zalakaros HUN"]
[Date "2016.05.27"]
[Round "1.23"]
[White "Marosi, Levente"]
[Black "Andersen, Mads"]
[Result "0-1"]
[WhiteTitle "FM"]
[BlackTitle "GM"]
[WhiteElo "2318"]
[BlackElo "2505"]
[WhiteFideId "747181"]
[BlackFideId "1413864"]
[EventDate "2016.05.27"]

1. e4 c5 2. Nf3 d6 3. d4 cxd4 4. Nxd4 Nf6 5. Nc3 a6 6. Bg5 e6 7. f4 Nbd7 8. Qe2
Qc7 9. O-O-O b5 10. a3 Be7 11. g4 h6 12. Bh4 Bb7 13. Bg2 Qc4 14. Qe1 Rc8 15. Rg1
g5 16. e5 dxe5 17. fxe5 Bxg2 18. exf6 Nxf6 19. Bxg5 hxg5 20. Rxg2 Rh3 21. Ne4
Qa2 22. Nxg5 Bxa3 23. bxa3 Qa1+ 24. Kd2 Qxd4+ 25. Kc1 Qa1+ 26. Kd2 Rd8+ 27. Ke2
Rxd1 0-1

[Event "35th Zalakaros Open 2016"]
[Site "Zalakaros HUN"]
[Date "2016.05.27"]
[Round "1.24"]
[White "Aczel, Gergely"]
[Black "Mesaros, Florian"]
[Result "0-1"]
[WhiteTitle "IM"]
[BlackTitle "FM"]
[WhiteElo "2502"]
[BlackElo "2318"]
[WhiteFideId "727709"]
[BlackFideId "1629220"]
[EventDate "2016.05.27"]

1. d4 d5 2. c4 e6 3. Nc3 c6 4. e3 Nf6 5. b3 Nbd7 6. Bb2 Bd6 7. g3 b6 8. Nf3 O-O
9. Bg2 Ba6 10. Nd2 e5 11. O-O Re8 12. Re1 e4 13. f3 exf3 14. Qxf3 Bb4 15. a3
Bxc3 16. Bxc3 b5 17. cxd5 cxd5 18. e4 dxe4 19. Nxe4 Rxe4 20. Rxe4 Bb7 21. Qe2
Bxe4 22. Bxe4 Nxe4 23. Qxe4 Nf6 24. Qe5 Qd7 25. Bb4 Re8 26. Qd6 Qf5 27. Re1
Rxe1+ 28. Bxe1 h5 29. Qb8+ Kh7 30. Qe5 Qd3 31. a4 a6 32. axb5 axb5 33. b4 Qe4
34. h3 Kg6 35. Bd2 Qxe5 36. dxe5 Ne4 37. Bf4 Kf5 38. h4 Nc3 39. Kf2 Nd5 40. Bd2
Kxe5 41. Kf3 Kd4 42. g4 Kd3 43. Be1 g6 44. gxh5 gxh5 45. Bg3 Nxb4 46. Kf4 Nd5+
47. Kg5 b4 48. Bd6 b3 49. Ba3 Ke4 50. Kxh5 Kf5 51. Kh6 Kg4 52. Kg7 f5 53. Kg6
Nf4+ 54. Kf6 Nh5+ 55. Ke5 f4 56. Ke4 f3 57. Kd3 f2 0-1